LEADER 01866nam0 22004093i 450 001 VAN00275360 005 20251119022328.226 017 70$2N$a9783030993573 100 $a20240423d2023 |0itac50 ba 101 $aeng 102 $aCH 105 $a|||| ||||| 181 $ai$b e 182 $ab 183 $acr 200 1 $aEthnobotany of the Mountain Regions of Mexico$feditors Alejandro Casas, José Juan Blancas Vázquez 210 $aCham$cSpringer$d2023 215 $aXXXIV, 1583 p.$cill.$d24 cm 410 1$1001VAN00271012$12001 $aEthnobotany of Mountain Regions$1210 $aCham$cSpringer$d2020- 620 $aCH$dCham$3VANL001889 676 $a660.6$cBiotecnologia. Microbiologia applicata$v22 676 $a571.2$cFisiologia vegetale$v22 676 $a578.01$cTassonomia$v22 702 1$aBlancas Vázquez$bJosé J.$3VANV239934 702 1$aCasas$bAlejandro$3VANV227845 712 $aSpringer $3VANV108073$4650 790 1$aBlancas Vázquez, J. J.$zBlancas Vázquez, José J.$3VANV239935 790 1$aBlancas Vázquez, J.J.$zBlancas Vázquez, José J.$3VANV239936 790 1$aBlancas Vázquez, José Juan$zBlancas Vázquez, José J.$3VANV239937 801 $aIT$bSOL$c20251121$gRICA 856 4 $uhttps://link.springer.com/referencework/10.1007/978-3-030-99357-3$zE-book - Accesso al full-text attraverso riconoscimento IP di Ateneo, proxy e/o Shibboleth 899 $aBIBLIOTECA DEL DIPARTIMENTO DI SCIENZE E TECNOLOGIE AMBIENTALI BIOLOGICHE E FARMACEUTICHE$1IT-CE0101$2VAN17 912 $fN 912 $aVAN00275360 950 $aBIBLIOTECA DEL DIPARTIMENTO DI SCIENZE E TECNOLOGIE AMBIENTALI BIOLOGICHE E FARMACEUTICHE$d17CONS e-book 2309 $e17BIB2309/335 335 20240423 996 $aEthnobotany of the Mountain Regions of Mexico$93554074 997 $aUNICAMPANIA